[Event "30/move"]
[Site "?"]
[Date "2006.03.31"]
[Round "13"]
[White "Mephisto Milano Pro"]
[Black "Mephisto Milano"]
[Result "1-0"]
[WhiteElo "2124"]
[BlackElo "2010"]
[PlyCount "97"]
[EventDate "2006.03.31"]
[EventType "tourn (rapid)"]
[EventRounds "20"]
[EventCountry "NED"]
[SourceDate "2006.03.12"]

1. d4 d5 2. c4 c6 3. Nc3 Nf6 {Milano letzter Buchzug} 4. Bg5 dxc4 5. a4 {
Milano Pro letzter Buchzug} Nd5 ({RR} 5... Qa5 6. Bd2 e5 ({RR} 6... Qb6 7. Nf3
Bf5 8. e3 Bd3 9. Bxd3 cxd3 10. Ne5 Nbd7 11. Nxd3 Qc7 12. Qb3 e6 13. O-O Be7 14.
a5 O-O 15. Rfc1 Rfd8 16. a6 Rab8 17. Nb5 Qb6 18. Ba5 Qxb5 19. Qxb5 cxb5 20.
Bxd8 Bxd8 21. axb7 {Shibaev,A-Zaitsev,A/Tula 2002/EXT 2003/1-0 (37)}) 7. Ne4
Bb4 8. Nd6+ Ke7 9. dxe5 Bxd2+ 10. Qxd2 Qxd2+ 11. Kxd2 Ng4 12. Nf3 Nd7 13. e3
Rd8 14. Ke1 Ndxe5 {1/2-1/2 Vladimirov,E-Sasikiran,K/Calcutta 2000/CBM 74 ext})
6. e4 Nxc3 7. bxc3 Qa5 $146 ({RR} 7... b5 8. Nf3 Bg4 ({RR} 8... Bb7 9. Qb1 Qb6
10. Be3 Nd7 11. d5 Qc7 12. dxc6 Bxc6 13. axb5 Bb7 14. Be2 e6 15. O-O Bc5 16.
Bxc5 Qxc5 17. Nd2 Nb6 18. Qa2 O-O 19. Nxc4 Bxe4 20. Nxb6 axb6 21. Qb2 Rxa1 22.
Rxa1 Rd8 23. Bf1 {Patriarca,L-Cubas,J/Asuncion 1999/EXT 2001/1/2-1/2 (61)}) 9.
axb5 ({RR} 9. Be2 Nd7 10. d5 Nc5 11. axb5 cxb5 12. Qc2 a6 13. O-O Qc7 14. h3
Bh5 15. Nd4 Bxe2 16. Qxe2 Qe5 17. Nxb5 Rb8 18. f4 Qxe4 19. Qxe4 Nxe4 20. Nc7+
Kd7 21. Nxa6 Rb5 22. Ra4 Nxc3 23. Rxc4 Nxd5 {
Pestova,A-Polagaeva,K/Kazan 2000/EXT 2001/0-1 (55)}) 9... cxb5 10. Qb1 a6 11.
Ne5 Bc8 12. Be3 f6 13. Nxc4 bxc4 14. Bxc4 e6 15. Qa2 Qd6 16. f4 Be7 17. e5 Qd7
18. d5 exd5 19. Bxd5 Bb7 20. Bf7+ Kf8 21. O-O Qc6 22. Bh5 {
Tartakower,S-Golombek,H/Venice 1949/MCL/0-1 (41)}) 8. Bd2 Qa6 9. Qe2 b5 10. Bg5
Nd7 11. Qd1 Qa5 12. Qc1 Qc7 13. Qb2 h6 14. Bc1 Rb8 15. Nf3 e6 16. Be2 Be7 17.
O-O a5 18. Qa2 Ra8 19. d5 Nc5 20. axb5 cxb5 21. Nd4 Bd7 22. Qb1 Qb7 23. dxe6
fxe6 24. e5 Ra6 $2 25. Qg6+ Kd8 26. Qxg7 Rf8 27. Bf3 Qb6 28. Bxh6 Be8 29. Rad1
Nd3 30. Bc6 Bd7 31. Bg5 Re8 32. Bxe7+ Rxe7 33. Nxe6+ Kc8 34. Qxe7 Bxc6 35. Qf8+
Kb7 36. Nd8+ Ka7 37. e6 Bd5 38. e7 Qg6 39. f3 Bxf3 40. Qxf3 Rb6 41. Qe3 Ne5 {
Milano gibt auf} 42. Qxe5 Ka6 43. Qc7 a4 44. Rd7 {# in 6} Qxg2+ {# in -5} 45.
Kxg2 Rg6+ 46. Kh1 Rg1+ 47. Kxg1 b4 48. Rf6+ Kb5 49. Qb6# {17:51 - 21:37} 1-0

[Event "30/move"]
[Site "?"]
[Date "2006.03.31"]
[Round "14"]
[White "Mephisto Milano"]
[Black "Mephisto Milano Pro"]
[Result "0-1"]
[WhiteElo "2010"]
[BlackElo "2124"]
[PlyCount "128"]
[EventDate "2006.03.31"]
[EventType "tourn (rapid)"]
[EventRounds "20"]
[EventCountry "NED"]
[SourceDate "2006.03.12"]

1. d4 d5 2. c4 c6 3. Nf3 Nf6 4. Nc3 dxc4 5. a4 Na6 6. e3 Bg4 7. Bxc4 e6 {
Milano Pro letzter Buchzug} 8. h3 {Milano letzter Buchzug} ({RR} 8. a5 Nb4 9.
O-O Be7 10. h3 Bh5 11. g4 Bg6 12. Ne5 Nd7 13. Nxg6 hxg6 14. Kg2 O-O 15. f4 b5
16. axb6 axb6 17. Rxa8 Qxa8 18. e4 b5 19. Be2 Rd8 20. Qb3 c5 21. dxc5 Nd3 22.
c6 Nxc1 {Barsov,A-Hodgson,J/York 2000/CBM 81/1/2-1/2}) ({RR} 8. O-O Be7 9. h3
Bh5 10. Qe2 Nb4 11. Rd1 O-O 12. e4 Bxf3 13. gxf3 Qa5 14. Bf4 Nh5 15. Be5 g6 16.
Qd2 Qd8 17. Kh2 Bg5 18. f4 Bh6 19. d5 exd5 20. exd5 Re8 21. Ne2 Nxd5 22. Bxd5
cxd5 {Gupta,A-Rausis,I/Mumbai 2003/CBM 93 ext/0-1 (53)}) 8... Bxf3 9. Qxf3 Nb4
10. O-O Bd6 $146 ({RR} 10... Be7 11. a5 ({RR} 11. Rd1 O-O 12. Qe2 c5 13. dxc5
Qc7 14. b3 a6 15. Bb2 Bxc5 16. Qf3 Be7 17. Ne4 Nbd5 18. Rac1 Qa5 19. Qg3 Ne8
20. Bxd5 exd5 21. Qe5 Qb4 22. Qxd5 Rd8 23. Qc4 Qxc4 24. bxc4 Rxd1+ 25. Rxd1 f5
{Beliavsky,A-Shamkovich,L/Las Vegas 2000/EXT 2002/1-0 (32)}) 11... O-O 12. Rd1
Qd7 13. Qe2 b5 14. axb6 axb6 15. Rxa8 Rxa8 16. e4 Ra1 17. Be3 Rxd1+ 18. Qxd1 {
1/2-1/2 Biriukov,O-Kuporosov,V/St Petersburg 2002/EXT 2003}) ({RR} 10... a5 11.
Rd1 Qb6 12. Qe2 Rd8 13. b3 Be7 14. Bb2 O-O 15. e4 Rxd4 16. Rxd4 Qxd4 17. e5 Ne8
18. Rd1 Qh4 19. Rd7 b5 20. axb5 cxb5 21. Bxb5 Bg5 22. Ne4 Qh6 23. Bd4 Kh8 24.
Qg4 Bc1 25. Rd8 {Rahman,Y-Frhat,A/Cairo 1999/CBM 69 ext/1-0}) 11. Bd2 O-O 12.
Ne2 Nbd5 13. e4 Nb6 14. Bb3 e5 15. Bg5 Nbd7 16. Rfd1 exd4 17. Nxd4 Qc7 18. Rac1
Be5 19. Nb5 Qb6 20. Be3 c5 21. Qf5 g6 22. Qg5 Rad8 23. f3 a6 24. Rxc5 Nxc5 25.
Qxe5 Nxb3 26. Bxb6 Rxd1+ 27. Kf2 Rd2+ 28. Ke3 Nd7 29. Qc3 Nxb6 30. Na3 Nxa4 31.
Qxb3 Nc5 32. Qb6 Rd3+ 33. Ke2 Rc8 34. Qf6 Rb3 35. h4 Na4 36. Nb1 Rxb2+ 37. Nd2
h5 38. g3 Ra2 39. Kd3 Rc3+ 40. Qxc3 Nxc3 41. Kxc3 b5 42. g4 Kg7 43. gxh5 gxh5
44. Nb3 Kf6 45. Kb4 Ke5 46. Nc5 Kf4 47. Kb3 Ra5 48. Nb7 Ra1 49. Nd6 Kxf3 50. e5
Kg3 51. Nxf7 Kxh4 52. Kb4 Kg4 53. e6 Re1 54. Ka5 {Milano gibt auf} h4 55. Nh6+
Kf4 56. e7 h3 57. Ng8 Kg5 58. Kxa6 h2 59. Kxb5 h1=Q 60. Kc5 Rc1+ {# in 5} 61.
Kd6 Qc6+ 62. Ke5 Rd1 63. Nf6 {# in -2} Qxf6+ 64. Ke4 Qf4# {
??:?? - 26:19 (Akkuwechsel bei Milano nach ca. 60h)} 0-1

[Event "30/move"]
[Site "?"]
[Date "2006.03.31"]
[Round "15"]
[White "Mephisto Milano Pro"]
[Black "Mephisto Milano"]
[Result "1-0"]
[WhiteElo "2124"]
[BlackElo "2010"]
[PlyCount "147"]
[EventDate "2006.03.31"]
[EventType "tourn (rapid)"]
[EventRounds "20"]
[EventCountry "NED"]
[SourceDate "2006.03.12"]

1. d4 Nf6 2. c4 e6 3. Nc3 Bb4 4. e3 O-O 5. Bd3 {Milano Pro letzter Buchzug} d5
{Milano letzter Buchzug} 6. cxd5 exd5 7. Nf3 ({RR} 7. Qe2 Re8 8. Bd2 c5 {
1/2-1/2 Brestian,E-Schlosser,P/Vienna 1998/EXT 99}) 7... Bg4 ({RR} 7... Re8 8.
O-O Bd6 9. Nb5 Bf8 10. Qc2 c6 11. Nc3 Nbd7 12. Bd2 Qe7 13. b4 g6 14. a4 Bg7 15.
a5 a6 16. Na4 Ne4 17. Rab1 f5 18. Nc5 Nf8 19. Bc1 Ne6 20. Ba3 N6g5 21. Nxg5
Qxg5 22. Nxa6 {Wuts,F-Bagaturov,G/Leuven 2003/EXT 2004/0-1}) 8. O-O Nbd7 $146 (
{RR} 8... Re8 9. a3 Bd6 10. Nb5 Bf8 11. Re1 c6 12. Nc3 Ne4 13. Be2 Bd6 14. Qc2
Re6 15. b4 Nd7 16. Bb2 f5 17. b5 Qf6 18. bxc6 bxc6 19. Nxe4 fxe4 20. Ne5 Bxe2
21. Qxc6 Rf8 22. Rxe2 Nxe5 23. dxe5 {
Da Costa,P-Cotta,E/Juiz de Fora 1966/EXT 2001/0-1 (50)}) ({RR} 8... c6 9. a3
Bd6 10. b4 Re8 11. Ne2 Ne4 12. Ng3 Qf6 13. Bb2 h5 14. Be2 h4 15. Nxe4 dxe4 16.
Ne5 Bxe2 17. Qxe2 Qg5 18. f4 exf3 19. Qxf3 f6 20. e4 Bxe5 21. dxe5 Nd7 22. exf6
Nxf6 23. e5 {Sertic,R-Ramesa,M/Pula 2001/EXT 2002/1-0 (39)}) 9. a3 Bxc3 10.
bxc3 c5 11. dxc5 Nxc5 12. Be2 Qa5 13. Bb2 Na4 14. Qb3 Rac8 15. Nd4 Nxb2 16.
Bxg4 Nxg4 17. Qxb2 b6 18. Rac1 Rfe8 19. Qb4 Qc5 20. Nf5 Qxb4 21. cxb4 Kf8 22.
Nd6 Rxc1 23. Rxc1 Re6 24. Rc8+ Ke7 25. Nf5+ Kf6 26. Nd4 Rd6 27. Rc6 Rxc6 28.
Nxc6 a6 29. Nb8 Ne5 30. Nxa6 Nc4 31. Nc7 Ke5 32. a4 h5 33. h4 d4 34. exd4+ Kxd4
35. Nb5+ Ke4 36. Kf1 Kd3 37. Na7 f6 38. Nc6 Ke4 39. Ne7 Kd3 40. Ke1 Kc3 41. Nc6
Nb2 42. a5 Nd3+ 43. Ke2 Nf4+ 44. Kf3 Nd5 45. a6 Nc7 46. a7 Kc4 47. Ke3 g5 48.
hxg5 fxg5 49. f3 Kd5 50. Nd8 Na8 51. g4 hxg4 52. fxg4 Kc4 53. Nc6 Kb5 54. Nb8
Kxb4 55. Kd4 Kb5 56. Kd5 Nc7+ 57. Kd6 Na8 {Milano gibt auf} 58. Kd7 Kc5 59.
Na6+ Kd4 60. Nc7 Nxc7 61. Kxc7 b5 62. a8=Q Ke5 63. Qf8 Kd4 64. Kc6 Ke3 65. Kxb5
Kd4 66. Qf6+ Kd3 67. Qxg5 Kd4 68. Qf6+ Kd5 69. g5 Ke4 70. g6 Kd5 71. Qf4 {
# in 4} Ke6 {# in -3} 72. Kc6 Ke7 73. Qf7+ Kd8 74. Qd7# {30:02 - 35:29} 1-0

[Event "30/move"]
[Site "?"]
[Date "2006.03.31"]
[Round "16"]
[White "Mephisto Milano"]
[Black "Mephisto Milano Pro"]
[Result "1-0"]
[WhiteElo "2010"]
[BlackElo "2124"]
[PlyCount "131"]
[EventDate "2006.03.31"]
[EventType "tourn (rapid)"]
[EventRounds "20"]
[EventCountry "NED"]
[SourceDate "2006.03.12"]

1. e4 e5 2. Nf3 Nc6 3. Bb5 a6 4. Ba4 Nf6 5. O-O Be7 6. Re1 b5 7. Bb3 d6 8. c3
O-O 9. h3 Na5 10. Bc2 c5 11. d4 Qc7 12. Nbd2 {Milano letzter Buchzug} Nc6 13.
d5 Nd8 14. a4 Rb8 15. c4 ({RR} 15. b3 Ne8 16. Qe2 g6 17. Bd3 Bd7 18. axb5 axb5
19. Bb2 f6 20. Ra2 Nf7 21. Rea1 Qc8 22. Ra5 Bd8 23. Ra7 Ng7 24. Bc1 f5 25. Nb1
Kh8 26. R7a2 fxe4 27. Bxe4 Nh5 28. Be3 Nf4 29. Bxf4 exf4 {
Velimirovic,D-Matanovic,A/Belgrade 1978/EXT 99/1-0 (53)}) ({RR} 15. Nf1 Ne8 16.
Ng3 g6 17. Nh2 f6 18. f4 Nf7 19. Nf3 Ng7 20. Qe2 Bd7 21. f5 Qc8 22. Nh4 g5 23.
Nf3 Qe8 24. Bd3 Bd8 25. Be3 Bb6 26. axb5 axb5 27. Ra6 Bc8 28. Ra2 c4 29. Bc2
Qd8 {Coelho,L-Asfora,M/Ilha Solteira 2003/CBM 92 ext/1/2-1/2 (49)}) 15... b4 {
Milano Pro letzter Buchzug} 16. Nb3 $146 ({RR} 16. b3 Ne8 17. g4 g6 18. Kh1 Ng7
19. Rg1 h5 20. Nf1 hxg4 21. hxg4 f6 22. Ne3 Nf7 23. Nh4 Nh8 24. f4 exf4 25.
Nef5 Nxf5 26. gxf5 g5 27. Bxf4 Rf7 28. Bh2 Rh7 29. Ng2 Nf7 30. Ne3 Bd7 {
Bogoljubow,E-Rubinstein,A/Baden-Baden 1925/HCL/1/2-1/2 (44)}) ({RR} 16. Kh2 Ne8
17. g4 g6 18. Rg1 f6 19. Nf1 Nf7 20. Ne3 Kh8 21. b3 Rg8 22. Bb2 Bf8 23. h4 Qe7
24. Rg2 Bh6 25. Qe2 Bf4+ 26. Kh1 Qf8 27. Kg1 Qh6 28. Bc1 Bd7 29. Kf1 Ng7 30.
Qd3 Rbf8 {Bogoljubow,E-Rubinstein,A/Breslau 1925/EXT 98/1/2-1/2 (66)}) ({RR} 
16. Nf1 Ne8 17. g4 g6 18. Ng3 Ng7 19. Kh2 f6 20. Rg1 Nf7 21. b3 Rb7 22. Bd2 Kh8
23. Qe2 Bd8 24. Rg2 Qd7 25. Rh1 Qe8 26. Kg1 Re7 27. Ne1 Qd7 28. f3 Rg8 29. Kf1
Qb7 30. Nd3 Bd7 {Keres,P-Vidmar,M/Bad Nauheim 1936/HCL/1-0 (65)}) 16... Bb7 17.
Bg5 Re8 18. Qd3 Nd7 19. Be3 Bf6 20. Bd1 Rc8 21. Nfd2 a5 22. Bg4 Ra8 23. Nf3 Nb6
24. Red1 g6 25. Bh6 Bg7 26. Bxg7 Kxg7 27. Nfd2 Nd7 28. Nf1 Nf6 29. Ne3 Rg8 30.
Rac1 Nxg4 31. Nxg4 Qe7 32. Qe3 Bc8 33. Qh6+ Kh8 34. Ra1 Bxg4 35. hxg4 Rg7 36.
g5 f5 37. gxf6 Qxf6 38. f3 Nf7 39. Qh2 h6 40. Rf1 Rh7 41. Rf2 Ng5 42. Raf1 Nf7
43. f4 exf4 44. Rxf4 Qxb2 45. Rxf7 Qxb3 46. Rf8+ Rxf8 47. Rxf8+ Kg7 48. Qxd6
Qe3+ 49. Rf2 Qe1+ 50. Rf1 Qxf1+ 51. Kxf1 b3 52. Qxc5 Kf6 53. Qd6+ Kg5 54. Qg3+
Kf6 55. Qxb3 Re7 56. Qb6+ Kg7 57. d6 Rd7 58. e5 Kf7 59. Qc6 Ra7 60. d7 Rxd7 {
# in 5} 61. e6+ Ke7 62. exd7 g5 63. Qc8 {# in 5} Kf7 64. d8=Q Kg7 65. Qg8+ Kf6
66. Qce6# {30:56 - 30:06} 1-0

[Event "30/move"]
[Site "?"]
[Date "2006.03.31"]
[Round "17"]
[White "Mephisto Milano Pro"]
[Black "Mephisto Milano"]
[Result "1/2-1/2"]
[WhiteElo "2124"]
[BlackElo "2010"]
[PlyCount "107"]
[EventDate "2006.03.31"]
[EventType "tourn (rapid)"]
[EventRounds "20"]
[EventCountry "NED"]
[SourceDate "2006.03.12"]

1. d4 d5 2. g3 e6 3. Bg2 Nf6 4. Nf3 {Milano Pro letzter Buchzug} Be7 5. O-O O-O
{Milano letzter Buchzug} 6. Bg5 h6 7. Bxf6 ({RR} 7. Bf4 c5 8. dxc5 Na6 9. Bd6
Nxc5 10. Bxe7 Qxe7 11. Ne5 {1/2-1/2 Zoltek,T-Schinzel,W/Lodz 1979/MCD}) 7...
Bxf6 8. Nbd2 c5 9. e4 $146 ({RR} 9. c3 cxd4 10. cxd4 Nc6 11. Nb3 ({RR} 11. e3
b6 12. Re1 Bb7 13. a3 Qd7 14. Rc1 Rfc8 15. Bf1 Rc7 16. Qc2 Rac8 17. Qb1 Qd6 18.
Rc2 Nb8 19. Rec1 Ba6 20. Bxa6 Nxa6 21. Nb3 Nb8 22. Rxc7 Rxc7 23. Rxc7 Qxc7 24.
Qc1 Qxc1+ 25. Nxc1 Nc6 {Breithut,K-Cech,P/Bayern 1995/EXT 99/1/2-1/2 (32)})
11... b6 12. Re1 Bb7 13. e3 Qd6 14. Nc1 e5 15. dxe5 Nxe5 16. Nd4 Rfd8 17. Nce2
Rac8 18. Nf4 g6 19. h4 Bg7 20. h5 g5 21. Nfe2 Qf6 22. Qb1 Rc5 23. b4 Rc4 {
Fernandez Losada,D-Larino Nieto,D/Mondariz 2003/EXT 2004/0-1 (40)}) ({RR} 9.
Nb3 cxd4 10. Nfxd4 Qb6 11. c3 a5 12. a4 Nc6 13. e3 Bd7 14. Qe2 Rfd8 15. f4 Rac8
16. Rf2 Nxd4 17. Nxd4 Qc5 18. Bf1 Qe7 19. Nf3 Rc4 20. Qc2 Re4 21. Re2 Qe8 22.
b3 Rc8 23. Nd4 Bxd4 {Bachler,W-Pircher,W/Graz 1994/EXT 98/0-1 (53)}) 9... dxe4
10. Nxe4 Bxd4 11. Nxd4 cxd4 12. c3 e5 13. cxd4 Qxd4 14. Qb3 Nc6 15. Rfd1 Qb4
16. Qxb4 Nxb4 17. a3 Nc6 18. Rac1 Bg4 19. Re1 Rab8 20. h3 Bc8 21. Nd6 Rd8 22.
Nxb7 Bxb7 23. Bxc6 Bxc6 24. Rxc6 Rxb2 25. Rxe5 Rdd2 26. Rf5 g6 27. Rf3 Rd7 28.
Rfc3 Kg7 29. Rc7 Rb7 30. Rxb7 Rxb7 31. Kg2 f5 32. f4 g5 33. fxg5 hxg5 34. h4
gxh4 35. gxh4 Kg6 36. Kf3 Rb1 37. Kf4 Rf1+ 38. Rf3 Rh1 39. Kg3 Rc1 40. Rf4 Rc3+
41. Rf3 Rc7 42. Rf4 Rc5 43. Ra4 a5 44. Kf3 Rd5 45. Kf4 Kh5 46. Kf3 Rb5 47. Ke3
Re5+ 48. Kf4 Rc5 49. Ke3 Rb5 50. Kf3 Kh6 51. Kf4 Kh5 52. Kf3 Kg6 53. Kf4 Kh5
54. Kf3 {Remis wg. 3-facher Stellungswiederholung, 27:44 - 24:12} 1/2-1/2

[Event "30/move"]
[Site "?"]
[Date "2006.03.31"]
[Round "18"]
[White "Mephisto Milano"]
[Black "Mephisto Milano Pro"]
[Result "1-0"]
[WhiteElo "2010"]
[BlackElo "2124"]
[PlyCount "157"]
[EventDate "2006.03.31"]
[EventType "tourn (rapid)"]
[EventRounds "20"]
[EventCountry "NED"]
[SourceDate "2006.03.12"]

1. e4 e5 2. Nf3 Nc6 3. Bb5 a6 4. Ba4 Nf6 5. O-O Be7 6. Qe2 b5 7. Bb3 O-O 8. c3
d5 9. d3 Re8 {Milano Pro letzter Buchzug} 10. Re1 {Milano letzter Buchzug} d4
$146 ({RR} 10... h6 11. Nbd2 Bf8 ({RR} 11... Be6 12. Nf1 ({RR} 12. a4 b4 13. a5
dxe4 14. dxe4 Bxb3 15. Nxb3 Qb8 16. c4 Qc8 17. Nh4 Bf8 18. Nf5 Kh7 19. f3 Qe6
20. Ne3 Nd8 21. Nd5 Qc6 22. Be3 Nd7 23. c5 Rb8 24. Rec1 Ne6 25. Rc4 Rb5 26. Qc2
Reb8 {Kiselev,S-Pinski,J/Jaroslawiec 1997/EXT 2003/1-0 (54)}) 12... Bc5 13. Ng3
a5 14. exd5 Nxd5 15. d4 exd4 16. Qxb5 a4 17. Qxc6 axb3 18. Qxc5 Rxa2 19. Rb1
dxc3 20. bxc3 Nb6 21. Qb5 Re7 22. Be3 Bc4 23. Qb4 Ra4 24. Qc5 Rd7 25. Nd4 Rd5
26. Qc6 {Tiviakov,S-Sokolov,I/Wijk aan Zee 1996/CBM 51/0-1 (41)}) 12. exd5 Na5
13. Bc2 Bf5 14. Nxe5 Qxd5 15. Ndf3 c5 16. d4 Bxc2 17. Qxc2 cxd4 18. cxd4 Rac8
19. Qd1 Nc4 20. Nxc4 Rxe1+ 21. Nxe1 Rxc4 22. Be3 Bd6 23. Nd3 Qe4 24. h3 {
1/2-1/2 Tiviakov,S-Kaiumov,D/Doha 2002/CBM 87 ext}) 11. Bg5 Bb7 12. Nbd2 dxc3
13. bxc3 b4 14. Nc4 Nd7 15. Bd2 bxc3 16. Bxc3 Bc5 17. Ba4 Nd4 18. Bxd4 exd4 19.
Rab1 Bc8 20. Na5 Qf6 21. e5 Qf4 22. g3 Qg4 23. Qe4 Qxe4 24. Rxe4 Ra7 25. Nc6
Rb7 26. Bb3 Nf8 27. Nfxd4 h6 28. Rc1 Ba3 29. Rc3 Bb2 30. Rc2 Bxd4 31. Nxd4 Ne6
32. f4 Nxd4 33. Rxd4 Bf5 34. Kf2 Reb8 35. Ke3 Rc8 36. Rdc4 Rd8 37. R4c3 c6 38.
g4 Bxg4 39. Rxc6 Bd1 40. R2c3 Bxb3 41. axb3 a5 42. R6c5 Rdb8 43. Rxa5 Rxb3 44.
Rxb3 Rxb3 45. f5 Rb2 46. Ra8+ Kh7 47. Ra7 Kg8 48. e6 fxe6 49. fxe6 Rb6 50. Ra8+
Kh7 51. Re8 Kg6 52. d4 Kg5 53. d5 Rb3+ 54. Kd4 Rb2 55. Rg8 Kf6 56. Rf8+ Ke7 57.
Rf7+ Ke8 58. d6 Rd2+ 59. Kc5 Rc2+ 60. Kb4 Rd2 61. d7+ Kd8 62. Rxg7 Rd1 63. Rg8+
Ke7 64. Re8+ Kf6 65. d8=Q+ Rxd8 66. Rxd8 Kxe6 67. Rh8 h5 68. Rxh5 Kd6 69. Rg5
Ke7 70. h4 Kf6 71. Rg1 Ke5 72. h5 Kd5 73. h6 Kd4 74. h7 Ke4 75. h8=Q Kf3 76.
Qe5 {# in 4} Kf2 77. Qg3+ Ke2 78. Re1+ Kd2 79. Qc3# {
35:53 - ??:?? (Zeitnahme bei Milano Pro wg Akkuwechsel nicht möglich)} 1-0

[Event "30/move"]
[Site "?"]
[Date "2006.03.31"]
[Round "19"]
[White "Mephisto Milano Pro"]
[Black "Mephisto Milano"]
[Result "1-0"]
[WhiteElo "2124"]
[BlackElo "2010"]
[PlyCount "115"]
[EventDate "2006.03.31"]
[EventType "tourn (rapid)"]
[EventRounds "20"]
[EventCountry "NED"]
[SourceDate "2006.03.12"]

1. d4 Nf6 2. c4 e6 3. Nc3 Bb4 4. e3 O-O 5. Bd3 {Milano Pro letzter Buchzug} d5
{Milano letzter Buchzug} 6. cxd5 exd5 7. Nf3 ({RR} 7. Qe2 Re8 8. Bd2 c5 {
1/2-1/2 Brestian,E-Schlosser,P/Vienna 1998/EXT 99}) 7... Bg4 ({RR} 7... Re8 8.
O-O Bd6 9. Nb5 Bf8 10. Qc2 c6 11. Nc3 Nbd7 12. Bd2 Qe7 13. b4 g6 14. a4 Bg7 15.
a5 a6 16. Na4 Ne4 17. Rab1 f5 18. Nc5 Nf8 19. Bc1 Ne6 20. Ba3 N6g5 21. Nxg5
Qxg5 22. Nxa6 {Wuts,F-Bagaturov,G/Leuven 2003/EXT 2004/0-1}) 8. Qb3 $146 ({RR} 
8. O-O Re8 ({RR} 8... c6 9. a3 Bd6 10. b4 Re8 11. Ne2 Ne4 12. Ng3 Qf6 13. Bb2
h5 14. Be2 h4 15. Nxe4 dxe4 16. Ne5 Bxe2 17. Qxe2 Qg5 18. f4 exf3 19. Qxf3 f6
20. e4 Bxe5 21. dxe5 Nd7 22. exf6 Nxf6 23. e5 {
Sertic,R-Ramesa,M/Pula 2001/EXT 2002/1-0 (39)}) 9. a3 Bd6 10. Nb5 Bf8 11. Re1
c6 12. Nc3 Ne4 13. Be2 Bd6 14. Qc2 Re6 15. b4 Nd7 16. Bb2 f5 17. b5 Qf6 18.
bxc6 bxc6 19. Nxe4 fxe4 20. Ne5 Bxe2 21. Qxc6 Rf8 22. Rxe2 Nxe5 {
Da Costa,P-Cotta,E/Juiz de Fora 1966/EXT 2001/0-1 (50)}) ({RR} 8. h3 Bh5 9. Qb3
Nc6 10. Bd2 Re8 11. g4 Bg6 12. Bxg6 hxg6 13. O-O-O Bxc3 14. Bxc3 Rb8 15. h4
Nxg4 16. Qc2 Qf6 17. Rh3 Qf5 18. Qxf5 gxf5 19. Rf1 Ne7 20. Ne5 Nxe5 21. dxe5 c5
22. h5 Kh7 {Hieser,B-Wood,J/Belconnen 1994/EXT 99/0-1 (44)}) 8... Nc6 9. O-O
Bxf3 10. gxf3 Qd6 11. a3 Ba5 12. Bd2 Rae8 13. Nb5 Qd7 14. Bxa5 Nxa5 15. Qa4 Nc6
16. Rfe1 Re7 17. Nc3 Rfe8 18. Bb5 Qh3 19. Bxc6 bxc6 20. Qxa7 Qxf3 21. Qa6 Qg4+
22. Kh1 Qh4 23. f3 Rxe3 24. Rxe3 Rxe3 25. Qxc6 Qf2 26. Qxc7 Qxf3+ 27. Kg1 Qg4+
28. Kh1 Qxd4 29. Rd1 Qg4 30. Qb8+ Ne8 31. Rf1 d4 32. Nd1 Qe4+ 33. Kg1 Re1 34.
Rxe1 Qxe1+ 35. Kg2 Qe2+ 36. Nf2 h5 37. b4 h4 38. Qf4 d3 39. Qxh4 d2 40. Qd8 f5
41. b5 f4 42. b6 f3+ 43. Kg3 Qe1 44. Kxf3 g5 45. b7 g4+ 46. Kg2 d1=Q 47. Qxd1
Qe5 {Milano gibt auf} 48. Qb3+ Kg7 49. b8=Q Qxb8 50. Qxb8 Nf6 51. Kg3 Kg6 52.
Nxg4 Nxg4 53. Kxg4 Kf6 54. Qd6+ Kf7 55. Kf5 {# in 4} Ke8 {# in -3} 56. Qc7 Kf8
57. Kf6 Ke8 58. Qe7# {25:45 - 27:30} 1-0

[Event "30/move"]
[Site "?"]
[Date "2006.03.31"]
[Round "20"]
[White "Mephisto Milano"]
[Black "Mephisto Milano Pro"]
[Result "1-0"]
[WhiteElo "2010"]
[BlackElo "2124"]
[PlyCount "119"]
[EventDate "2006.03.31"]
[EventType "tourn (rapid)"]
[EventRounds "20"]
[EventCountry "NED"]
[SourceDate "2006.03.12"]

1. c4 e5 2. Nc3 Nf6 3. Nf3 Nc6 4. g3 Bb4 5. Bg2 O-O 6. O-O e4 {
Milano Pro letzter Buchzug} 7. Ne1 {Milano letzter Buchzug} Qe7 8. Nc2 Ba5 9.
d3 exd3 10. exd3 Qd8 11. d4 Re8 12. Nd5 Nxd5 13. Bxd5 d6 14. Qh5 g6 15. Bxf7+
Kxf7 16. Qxh7+ Kf6 17. h4 Qd7 18. Bg5+ Kf5 19. Ne3+ Ke4 20. Rad1 Bd2 21. Rxd2
Ne5 22. Qxg6+ Qf5 23. Qxe8 Be6 24. Nxf5 Nf3+ 25. Kg2 Rxe8 26. Re2+ Kxf5 27.
Kxf3 Kg6 28. Rc2 d5 29. b3 c5 30. dxc5 dxc4 31. bxc4 b6 32. cxb6 axb6 33. Rb1
Rf8+ 34. Bf4 Rf6 35. g4 Bf7 36. Rb4 Kh7 37. Kg3 Rc6 38. Rc1 Rc8 39. Be3 Ra8 40.
Rxb6 Rxa2 41. c5 Ra4 42. c6 Be6 43. Rb7+ Kg6 44. h5+ Kf6 45. g5+ Ke5 46. f4+
Kd6 47. Rd1+ Bd5 48. Rd7+ Kxc6 49. R7xd5 Rb4 50. Rc5+ Kb6 51. Rc4+ Kb5 52.
Rxb4+ Kxb4 53. Rc1 Ka5 54. Bd4 Ka6 55. Rb1 Ka5 56. h6 Ka4 57. h7 {# in 4} Ka3
58. h8=Q Ka2 59. Qb8 Ka3 60. Ra1# {26:34 - 27:21} 1-0

[Event "30/move"]
[Site "?"]
[Date "2006.03.31"]
[Round "1"]
[White "Mephisto Milano Pro"]
[Black "Mephisto Miami"]
[Result "1-0"]
[WhiteElo "2124"]
[BlackElo "1966"]
[PlyCount "63"]
[EventDate "2006.03.31"]
[EventType "tourn (rapid)"]
[EventRounds "20"]
[EventCountry "NED"]
[SourceDate "2006.03.12"]

1. d4 d5 2. g3 {Milano pro letzter Buchzug} Nd7 ({RR} 2... c5 3. dxc5 e6 ({RR} 
3... e5 4. Bg2 Nf6 5. Nf3 Nc6 6. O-O Bxc5 7. Bg5 O-O 8. Bxf6 Qxf6 9. Qxd5 Bb6
10. Nbd2 Bf5 11. Nc4 Rad8 12. Qb5 Rfe8 13. Rad1 Rxd1 14. Rxd1 Bxc2 15. Rd2 Bf5
16. Rd6 Qe7 17. Nh4 Bg6 18. Nxg6 {
Nguyen Thuy Vi-Nguyen Ngoc Thanh,T/Hue 2003/CBM 95 ext/1-0}) 4. b4 a5 5. c3 b6
6. e4 Nf6 7. Bg5 Be7 8. Bb5+ {
1/2-1/2 Dimitrov,V-Cheparinov,I/Vukovar 2001/CBM 81 ext}) 3. Nf3 $146 {
Miami letzter Buchzug} ({RR} 3. Bg2 c6 4. Nf3 Ngf6 5. O-O Qc7 6. b3 e5 7. e3
Bd6 8. Bb2 O-O 9. Nbd2 Re8 10. c4 h6 11. c5 Bf8 12. Bh3 e4 13. Bxd7 Nxd7 14.
Nh4 Be7 15. Nf5 Bf6 16. Nd6 Re7 17. Nxc8 Rxc8 {
Klis,M-Sznajder,K/Pyskovice 1991/EXT 99/0-1 (42)}) 3... e6 4. Bg2 Bd6 5. Nc3 c6
6. e4 Bb4 7. O-O Bxc3 8. bxc3 dxe4 9. Nd2 f5 10. Nc4 Nb6 11. Ne5 Nf6 12. Ba3
Qc7 13. Re1 Rb8 14. c4 Nbd7 15. f3 Nxe5 16. dxe5 Qb6+ 17. c5 Qa5 18. exf6 gxf6
19. Qd6 Ra8 20. Bb2 Rf8 21. fxe4 fxe4 22. Bxe4 Kf7 23. Bxf6 Re8 24. Bxh7 e5 25.
Bxe5 Qxc5+ 26. Qxc5 Bf5 27. Rf1 Rg8 28. Rxf5+ {# in 5} Ke8 29. Bxg8 Rd8 30.
Rf8+ Kd7 31. Qd6+ Kc8 32. Rxd8# {10:47 - 13:02} 1-0